Quizzes
Events
Quiz Creation
Community
Videos
Private Events
Remove Ads
Sign In
Join for FREE
Feedback
Dark Mode
Quiz Categories
Sports
Geography
Music
Movies
Television
Just For Fun
Miscellaneous
History
Literature
Language
Science
Gaming
Entertainment
Religion
Holiday
For Kids
Quiz Lab
Recent
Popular Today
Quiz Kudos Today
Editor Picks
Curator Picks
Quizzes by...
Day
Popularity
Type
Ratings
Length
Year
Community
Subscriptions
Recent Discussions
Orange Saloon
Badges
Playlists
Quests
Create
Leaderboards
Showdown
Live 5
Trivia Bingo
Activity
Puzzle Library
Sporcle Events
Private Events
Virtual Trivia
Globe League
Become a Host
Pub Owners
SporcleCon
Opinionation
Our Games
Videos
Blog
Mobile Apps
Partnerships
Remove Ads and Go Orange
Feedback
Movies
Disney
Marvel Cinematic Universe
Movie Resume
Movie Titles
Oscar
Actor
Actress
Director
Pixar
Role
Movie Quotes
Movie Characters
Box Office
Nominee
Best Picture
Star Wars
James Bond
Horror Movies
Movies
Disney
Marvel Cinematic Universe
Movie Resume
Movie Titles
Oscar
Actor
Actress
Director
Pixar
Role
Movie Quotes
Movie Characters
Box Office
Nominee
Best Picture
Star Wars
James Bond
Horror Movies
Random Quiz
Search Sporcle
×
Quiz Lab
Quiz Lab
Movies
Movie Titles
Type in answers that appear in a list
Type in answers that appear in a list
Classic
Best Score? Go Orange.
Mr. and Mrs. Movie Stats
Can you name the Movies With an Honorific in the Title?
By
paultoes
8m
36 Questions
88 Plays
88 Plays
88 Plays
Comments
Comments
Give Quiz Kudos
Give Quiz Kudos
-
- Ratings
hide this ad
More Info
Random Order
Randomize order of answers
Randomize order of answers
Replay
Link that replays current quiz
Next Quiz
Link to next quiz in quiz playlist
You Got
0%
They Got
Avg Score
46%
Avg Friend Score
Upgrade to see
Score Distribution
Jump to the score distribution portion of the page
Score
0/36
Timer
08:00
0
Plays Today
Actor/Year
Movie
% Correct
Angelina Jolie (2005)
Mr. & Mrs. Smith
92%
James Stewart (1939)
Mr. Smith Goes to Washington
83%
Robin Williams (1993)
Mrs. Doubtfire
80.7%
Adam Sandler (2002)
Mr. Deeds
79.5%
Michael Keaton (1983)
Mr. Mom
73.9%
Sandra Bullock (2000)
Miss Congeniality
72.7%
Richard Dreyfuss (1995)
Mr. Holland's Opus
65.9%
Jude Law (1999)
The Talented Mr. Ripley
64.8%
Morgan Freeman (1989)
Driving Miss Daisy
64.8%
Bernie Mac (2004)
Mr. 3000
60.2%
Greer Garson (1942)
Mrs. Miniver
58%
Sidney Poitier (1970)
They Call Me MISTER Tibbs!
51.1%
Kevin Costner (2007)
Mr. Brooks
48.9%
Jim Carrey (2011)
Mr. Popper's Penguins
48.9%
Billy Crystal (1992)
Mr. Saturday Night
46.6%
Gary Cooper (1936)
Mr. Deeds Goes To Town
43.2%
Ellen Degeneres (1996)
Mr. Wrong
43.2%
Billy Connolly (1997)
Mrs. Brown
43.2%
Actor/Year
Movie
% Correct
Diane Keaton (1977)
Looking for Mr. Goodbar
42%
Robert Donat (1939)
Goodbye, Mr. Chips
38.6%
George Clooney (2009)
Fantastic Mr. Fox
37.5%
Steve Carell (2006)
Little Miss Sunshine
37.5%
Seann William Scott (2007)
Mr. Woodcock
36.4%
Maggie Smith (1969)
The Prime of Miss Jean Brodie
36.4%
Renée Zellweger (2006)
Miss Potter
34.1%
Fredric March (1931)
Dr. Jekyll and Mr. Hyde
33%
Judi Dench (2005)
Mrs. Henderson Presents
31.8%
Jack Lemmon (1955)
Mister Roberts
31.8%
Warren Beatty (1971)
McCabe & Mrs. Miller
29.5%
Henry Fonda (1939)
Young Mr. Lincoln
28.4%
Frances McDormand (2008)
Miss Pettigrew Lives for a Day
28.4%
Joanne Woodward (1990)
Mr. & Mrs. Bridge
27.3%
Natalie Portman (2007)
Mr. Magorium's Wonder Emporium
25%
Helen Mirren (1999)
Teaching Mrs. Tingle
25%
Rex Harrison (1947)
The Ghost and Mrs. Muir
17%
Jennifer Jason Leigh (1994)
Mrs. Parker and the Vicious Circle
14.8%
Quiz Playlist
Details
Report
Send in Message
Add To Playlist
More Info:
Given the Actor and the Year, can you name the Movie that has an honorific (Mr/Mrs/Miss, etc.) in the title?
Classic:
Type in answers that appear in a list
Random Order:
Randomize order of answers
Quiz Source
Last Updated: Feb 16, 2017
Quiz Scoreboard
CHALLENGE
Sign Up to Join the Scoreboard
Show All
Scores
Hide
Comments
May contain spoilers
Recently Published
Decade Duel: World Leaders
by jenniferyan
History
4m
Alphabetical 'K' Countries by Flag Minefield
by ylime102
Geography
3m
Pick 6: Fruits
by JohnFran
Miscellaneous
15s
More to Explore
Quiz From the Vault
Featured Blog Post
15 Basketball Trivia Facts You Can Be March Mad About
hide this ad
You Might Also Like...
Tags
Movie Titles Quiz
Mister
mrs
Today's Top Quizzes in Movies
Browse Movies
hide this ad
Today's Top Quizzes in Movie Titles
Browse Movie Titles
Top Contributed Quizzes in Movies
1
Pick 6: Harry Potter
2
Pick 6: Movie Franchises
3
Pick 6: Actors
4
Pick 6: Actresses
5
Pick 6: Disney Princesses
6
Match The President To The Fictional Crisis
7
Movies of the Seasons
8
Seasonal Films
9
Movie Seasons
10
Harry Potter Logic Puzzle
Explore More
Trending Topics
Crossword
Harry Potter
Kpop
Anime
NBA
Disney
Marvel
WWE
Country
Song
Pokémon
Soccer
The Office
Puzzle
NFL
hide this ad
More By:
paultoes
Quiz
Plays
Rating
Category
Featured
Created
Movies by First Frame
174,322
4.12
Movies
May 18, 2014
1990s Movie Slideshow
149,642
4.50
Movies
Jul 31, 2013
1980s Movie Slideshow
135,358
4.76
Movies
Aug 4, 2013
1970s Movie Slideshow
114,880
4.65
Movies
Sep 7, 2013
Movies by First Frame II
114,128
4.15
Movies
May 18, 2014
Go to Creator's Profile
Score Distribution
Quiz Creator Spotlight
paultoes
Follow
Send a Message
Quizzes Created
-
Created Quiz Play Count
-
More By This Creator
Popular Quizzes Today
1
Countries of Asia Without Outlines Minefield
2
Find the US States - No Outlines Minefield
3
Pick 6: Fruits
4
The Countries of the World
5
Alphabetical 'K' Countries by Flag Minefield
6
Find the Countries of Europe - No Outlines Minefield
7
US States
8
Find the US States
More Movies Quizzes
97 Movies Of 1997 (Clickable)
Quiz Lab
Trending Quizzes
Pick 6: Mountains
Pick 6: Harry Potter
Pick 6: Flags
Pick 6: NFL Teams
Pick 6: Movie Franchises
Recently Updated
Adaptations: Name the Title
pecheneg
NWSL Teams
pecheneg
Women's Final Four Teams by Year
bhenderson79
Presidents Quartet II
eogle
Anything But Clue(do)
eogle
Anything But Oceanian Capitals
eogle
Anything But 7
eogle
Anything But Thing
eogle
Word Ladder: February 29
pecheneg
Song Title Questions
pecheneg
Trending Topics
Disney
Kpop
Anime
Harry Potter
NBA
Crossword
Marvel
Soccer
Song
Country
NFL
Pokémon
WWE
The Office
Puzzle
Your Account Isn't Verified!
In order to create a playlist on Sporcle, you need to verify the email address you used during registration. Go to your
Sporcle Settings
to finish the process.
Report this User
Report this user for behavior that violates our
Community Guidelines
.
Details:
Send Report
Go to the Sporcle.com Mobile Site →
Comments